What every engineer should know about finite element analysis / (Record no. 193522)

000 -LEADER
fixed length control field 01008 a2200229 4500
003 - CONTROL NUMBER IDENTIFIER
control field Nust
005 - DATE AND TIME OF LATEST TRANSACTION
control field 20221019181424.0
010 ## - LIBRARY OF CONGRESS CONTROL NUMBER
LC control number 87027609
020 ## - INTERNATIONAL STANDARD BOOK NUMBER
International Standard Book Number 0824778324
040 ## - CATALOGING SOURCE
Transcribing agency Nust
082 00 - DEWEY DECIMAL CLASSIFICATION NUMBER
Classification number 620.00151535,WHA
100 ## - MAIN ENTRY--PERSONAL NAME
Personal name John R. Brauer.
9 (RLIN) 100906
245 00 - TITLE STATEMENT
Title What every engineer should know about finite element analysis /
Statement of responsibility, etc. edited by John R. Brauer.
260 ## - PUBLICATION, DISTRIBUTION, ETC.
Place of publication, distribution, etc. New York :
Name of publisher, distributor, etc. M. Dekker,
Date of publication, distribution, etc. c1988.
300 ## - PHYSICAL DESCRIPTION
Extent ix, 219 p., 2 p. of plates :
Other physical details ill. (some col.) ;
Dimensions 24 cm.
440 #0 - SERIES STATEMENT/ADDED ENTRY--TITLE
Title What every engineer should know ;
Volume/sequential designation v. 23
9 (RLIN) 82854
505 ## - FORMATTED CONTENTS NOTE
Formatted contents note History And Development (Page-1), Basic Finite Element Concepts (Page-7), Structural Analysis (Page-19), Thermal Analysis (Page-85), Electromagnetic Analysis (Page-113), Fluid Analysis (Page-177), Hardware-Software Considerations (Page-197), Professional Practice And Future Potential (Page-207).
650 #0 - SUBJECT ADDED ENTRY--TOPICAL TERM
Topical term or geographic name entry element Finite element method.
700 1# - ADDED ENTRY--PERSONAL NAME
Personal name Brauer, John R.,
Dates associated with a name 1943-
9 (RLIN) 100907
740 0# - ADDED ENTRY--UNCONTROLLED RELATED/ANALYTICAL TITLE
Uncontrolled related/analytical title Finite element analysis.
942 ## - ADDED ENTRY ELEMENTS (KOHA)
Source of classification or shelving scheme
Koha item type Book
Holdings
Withdrawn status Lost status Source of classification or shelving scheme Damaged status Not for loan Permanent Location Current Location Shelving location Date acquired Full call number Barcode Date last seen Price effective from Koha item type Public note
          Military College of Signals (MCS) Military College of Signals (MCS) General Stacks 12/12/2016 620.00151535,WHA MCS772 12/08/2016 12/12/2016 Book Almirah No.26, Shelf No.6
© 2023 Central Library, National University of Sciences and Technology. All Rights Reserved.